000 02572nam a22003257a 4500
999 _c23242
_d23242
003 NUST
005 20170602125830.0
008 170529b xxu||||| |||| 00| 0 eng d
020 _a0201146592
040 _aDLC
_bDLC
_cRCMS
082 _a629.42 HIL
_22nd,ed.
100 _aPHILIP HILL
_91523
245 _aMECHANICS AND THERMODYNAMICS OF PROPULSION
250 _a2ND ED.
260 _aUSA
_bADDISON-WESLEY PUBLISHING COMPANY
_c1992
300 _axi,754,p:
_bill:
_c22,cm.
538 _iShelf # 11, Row # 1, Mechanical & Aerospace.
650 _a1.Airplanes --- Jet propulsion .2. Rocket engines 3. Space vehicles -- Propulsion systems
_91524
856 _3Table of Content Only
942 _cBK
_2ddc